| 000 | 00986nam a2200217Ia 4500 | ||
|---|---|---|---|
| 003 | Ost | ||
| 005 | 20260507075309.0 | ||
| 008 | 260507s9999||||xx |||||||||||||| ||und|| | ||
| 040 | _cfsecg | ||
| 041 | _aara | ||
| 082 | _a330 | ||
| 100 |
_aشقر، عامر _eمؤلف |
||
| 245 | 0 |
_a مبادئ المحاسبة : _bالجزء الأول / _c عامر شقر |
|
| 260 |
_aعمان: _bالبداية, _c2005 |
||
| 300 |
_a255 صفحة؛ _bإيضاحات ؛ _c24 سم |
||
| 520 | _aجرد الاصول الثابتة ، الاصول المتداولة ، الحسابات الوهمية و الخصوم المتداولة ، أثر التسويات الجردية على قائمة الدخل و المركز المالي ، الدفاتر المساعدة و الطرق المحاسبية و الحسابات المالية . | ||
| 653 | _aالمحاسبة | ||
| 653 | _aتدقيق الحسابات | ||
| 700 |
_aالشنطي، ايمن _eمؤلف ثانوي |
||
| 942 | _cكتاب | ||
| 999 |
_c43845 _d43845 |
||